|
|
|
|
| LEADER |
00000nam a2200000Ia 4500 |
| 008 |
180419b2012 cr ||||| |||| 00| | spa d |
| 090 |
|
|
|a 06.03.06
|b 1111
|
| 100 |
1 |
|
|a Grosser Guillén, Kattia
|9 3581
|
| 245 |
1 |
0 |
|a Apoyo al trabajo docente, a través de la reflexión y análisis en torno a lo adolescente y los procesos de enseñanza-aprendizaje /
|c Kattya Grosser, Lucía Rescia
|
| 260 |
|
|
|a San José, Costa Rica :
|b INIE,
|c 2012
|
| 300 |
|
|
|a 120 páginas, 61 hojas sin numerar
|
| 500 |
|
|
|a Informe final proyecto N°724-B1-323
|
| 650 |
1 |
4 |
|a EDUCACIÓN SECUNDARIA
|9 456
|
| 650 |
1 |
4 |
|a ADOLESCENTES
|9 5
|
| 650 |
1 |
4 |
|a DOCENTES
|9 331
|
| 700 |
1 |
|
|a Rescia Chinchilla, Lucía
|9 731
|
| 942 |
|
|
|i 003755
|h 06.03.06 1111
|2 z
|c 04
|6 060306_1111_003755
|
| 999 |
|
|
|c 1745
|d 1745
|